000
00309nam a2200121Ia 4500
008
220216s9999 xx 000 0 und d
100
_a
AhmadDatuk Dr Salmiah
245
0
_a
Malaysias fast track strategy for rubber
260
_b
Rubber Asia
_c
2013
300
_a
58-59
650
_a
Natural rubber
942
_c
JS
999
_c
62408
_d
62408